00560nam a22001457a 4500003000400000005001700004008004100021040001400062100002700076245014100103260000900244300003000253500009800283504003300381OSt20171010095517.0120815t xxu||||| |||| 00| 0 eng d aMMSUcULS aCortero, Florecita Q.  aRelevance and utilization of the Mariano Marcos State University Graduate School research results to development cFlorecita Q. Cortero  c2001 axxvi, 304 leaves c28 cm. aThesis (MS Rural Development) -- Mariano Marcos State University-Graduate School, Laoag City  aBibliography: leaves 165-171